000 00585cam a2200193 4500
001 D9126
008 090401t1983 xxu||||| |||| 00| 0 eng d
035 _a(Sirsi) u17524
041 _aeng
050 _a694.01
110 _aSwedish Finnish Timber Council
_910
245 _aPrinciples of timber framed construction: a guide to the use of Swedish and Finnish redwood and whitewood in timber framed dwellings
250 _aNew
260 _aRetford, Notts
_bSwedish Finnish Timber Council
_c1983
300 _a80p. illus. 30cm
350 _a3
942 _n0
948 _c04/03/1997
999 _c87522
_d87522